000 00308nam a2200133Ia 4500
008 240624s9999 xx 000 0 und d
041 _aeng
082 _a658.1 GUI
100 _aGUILLEBEAU CHRIS
245 _a100 STARTUP
260 _c2012
_aNew York
_bCrown Business
300 _a304 : p.
365 _c
_b25
999 _c19491
_d19491